Blackbird - The Beatles (All Lyrics) - Statistics

General Stats
  • This quiz has been taken 330 times
    328 since last reset
  • The average score is 110 of 123
Answer Stats
Lyrics % Correct
black
99%
a
98%
blackbird
97%
fly
97%
in
97%
night
97%
singing
97%
the
97%
and
96%
of
96%
to
96%
wings
96%
dead
95%
learn
95%
you
95%
broken
93%
take
93%
these
91%
your
91%
all
90%
this
90%
for
89%
waiting
89%
moment
88%
life,
87%
were
81%
only
80%
be
77%
into
75%
dark,
70%
eyes
69%
see
69%
free
67%
light
59%
arise
55%
sunken
55%
No matching quizzes found
Score Distribution
Percent of People with Each Score
Percentile by Number Answered
Your Score History
You have not taken this quiz since the last reset